An Introduction to Identification /

Salvato in:
Dettagli Bibliografici
Autore principale: Norton, J.P (Autore)
Natura: Libro
Pubblicazione: London : Academic Press, 1986
Tags: Aggiungi Tag
Nessun Tag, puoi essere il primo ad aggiungerne!!

MARC

LEADER 00000nam a22000003a 4500
001 stu48049
005 20150617225707.9
008 ------s1986----uk----------------------d
040 |a STU  |b slo 
041 0
044 |a uk 
080 |a 681.5.015 
100 1 |a Norton, J.P  |4 aut 
245 1 |a An Introduction to Identification /  |c [aut.] Norton,J.P 
260 |a London :  |b Academic Press,  |c 1986 
300 |a 307 s 
996 |b J81914  |c J*81914/K 1  |l JJK1  |s P  |a 0  |w stu48049_0001